| 000 | 00664cam a22002171 4500 | ||
|---|---|---|---|
| 001 | sa 68019132 | ||
| 003 | DLC | ||
| 005 | 20260227112717.0 | ||
| 008 | 711207s1968 pk 000 0 eng | ||
| 010 | _asa 68019132 | ||
| 025 | _aPL480:P-E-1494 | ||
| 040 |
_aDLC _cDLC _dDLC _dOCoLC _dDLC |
||
| 050 | 0 | 0 |
_aBP135.A3 _bS774 1968 |
| 082 | 0 | 0 | _a297/.63 |
| 100 | 1 |
_aSuhrawardy, Abdullah al-Mamun, _cSir, _d1882-1935, _ecomp. |
|
| 245 | 1 | 4 |
_aThe sayings of Muhammad. _cEdited by Abdullah al-Māmūn al-Suhrawardy. |
| 260 |
_aLahore, _bPremier Book House _c[1968] |
||
| 300 |
_axviii, 99 p. _c18 cm. |
||
| 650 | 0 |
_aHadith _xTexts. |
|
| 700 | 0 |
_aMuḥammad, _cProphet, _d-632. |
|
| 999 |
_c88836 _d88836 |
||